Economics and Sociology /

Guardado en:
Bibliografiske detaljer
Hovedforfatter: Clashes, Early
Format: Texto
Tags: Tilføj Tag
Ingen Tags, Vær først til at tagge denne postø!

MARC

LEADER 00000 a a2200000 04500
001 48432
003
040
100 |a Clashes, Early  
245 |a Economics and Sociology /  |c Early Clashes  
773 |g volumen 35, número 1, (1987), páginas 11-24  
999 |c 32187  |d 32187